Handbok over Svenska post- och makuleringsstamplar, 1685-1951 (Record no. 1783)

000 -LEADER
fixed length control field 00703nam a22000977a 4500
008 - FIXED-LENGTH DATA ELEMENTS--GENERAL INFORMATION
fixed length control field 160217b xxu||||| |||| 00| 0 eng d
100 ## - MAIN ENTRY--AUTHOR'S NAME
Author's Name Sveroges Filatelist-Forenings
245 ## - TITLE STATEMENT
Title Handbok over Svenska post- och makuleringsstamplar, 1685-1951
260 ## - PUBLICATION, DISTRIBUTION, ETC. (IMPRINT)
Place of publication, distribution, etc. Stockholm
Name of publisher, distributor, etc. Sveriges filatelist-forenings riksorganisation
Date of publication, distribution, etc. 1952
650 ## - TOPICAL TERM (Tag)
Topical term or geographic name Sweden | Postal Markings | Post Offices | Postal History | 1685-1951 | 17th Century | 18th Century | 19th Century | 20th Century | Collecting | Guides and Handbooks | Machine Cancels | Pre-adhesive Covers | Fee Paid Mail | Maritime Mail | Shipping Companies and Packet Service | Railway Mail | Mobile Post Offices | Air Mail | Anniversaries, Celebrations, etc. | Military Mail
Holdings
Withdrawn status Lost status Source of classification or shelving scheme Damaged status Koha normalized classification for sorting Not for loan Permanent Location Current Location Date acquired Total Checkouts Full call number Barcode Date last seen Copy number Price effective from
        G6951 P857 S969   Northern Philatelic Library Northern Philatelic Library 02/17/2016   G6951 .P857 S969 1002033 02/17/2016 1 02/17/2016

Powered by Koha